| 000 | 00507nam a2200181 i 4500 | ||
|---|---|---|---|
| 001 | 94706 | ||
| 003 | ES-MaACL | ||
| 005 | 20250531063032.0 | ||
| 007 | t| | ||
| 008 | 050512s1958 sp ||||1| spa d | ||
| 100 | 1 |
_aTudela, Mariano, _d1925-2001 _9111632 |
|
| 245 | 1 | 0 |
_aIsabel II de España _b: la Reina Generosa / _cRené Luard. |
| 250 | _a[1ª ed.]. | ||
| 260 |
_aBarcelona : _bAHR, _c1958. |
||
| 300 |
_a259 p. ; _c20 cm. |
||
| 852 |
_aES-MaACL _jC-16023 _bR.42973 |
||
| 999 |
_c94706 _d94706 |
||